000 00881nam a2200253 i 4500
001 187055
003 SpMaBN
005 20250712081908.0
008 170406s1985 sp |||| | spa d
020 _a84-7481-336-0
080 _a807.33(46)
100 1 _aPérez González, Maurilio.
_9162308
245 1 3 _aEl latín de la cancillería castellana (1158-1214) /
_cMaurilio Pérez González.
260 _aSalamanca :
_bUniversidad ;
_aLeón :
_bUniversidad,
_c1985.
300 _a295 p. ;
_c24 cm.
490 1 _aActa Salmanticensia.
_aFilosofía y letras ;
_v163
500 _aÍndice.
504 _aBibliografía: p. [273]-279.
650 7 _aLengua latina medieval y moderna-
_zCastilla (Reino)
_9162309
710 2 _aUniversidad de Salamanca.
_97275
830 0 0 _aActa Salmanticensia
_v163
_9181394
852 _aES-MaACL
_jL-31376
999 _c187055
_d187055